The faith of other men/ (Record no. 20087)

MARC details
000 -LEADER
fixed length control field 00696cam a22002531 4500
001 - CONTROL NUMBER
control field 9382816
003 - CONTROL NUMBER IDENTIFIER
control field BDDh-ASL
005 - DATE AND TIME OF LATEST TRANSACTION
control field 20231015025837.0
008 - FIXED-LENGTH DATA ELEMENTS--GENERAL INFORMATION
fixed length control field 751209s1963 nyu 000 0 eng
010 ## - LIBRARY OF CONGRESS CONTROL NUMBER
LC control number 63021610
035 ## - SYSTEM CONTROL NUMBER
System control number (OCoLC)1885155
040 ## - CATALOGING SOURCE
Original cataloging agency DLC
Transcribing agency TxDaU
Modifying agency DLC
-- BDDh-ASL
042 ## - AUTHENTICATION CODE
Authentication code premarc
050 00 - LIBRARY OF CONGRESS CALL NUMBER
Classification number BL85
Item number .S5 1963
082 ## - DEWEY DECIMAL CLASSIFICATION NUMBER
Classification number 290
Item number SMF
100 1# - MAIN ENTRY--PERSONAL NAME
Personal name Smith, Wilfred Cantwell,
Dates associated with a name 1916-2000.
245 14 - TITLE STATEMENT
Title The faith of other men/
260 ## - PUBLICATION, DISTRIBUTION, ETC.
Place of publication, distribution, etc. [New York]
Name of publisher, distributor, etc. New American Library
Date of publication, distribution, etc. [1965]
300 ## - PHYSICAL DESCRIPTION
Extent 128 p.
Dimensions 18cm.
650 #0 - SUBJECT ADDED ENTRY--TOPICAL TERM
Topical term or geographic name entry element Religions
650 #0 - SUBJECT ADDED ENTRY--TOPICAL TERM
Topical term or geographic name entry element Christianity and other religions
906 ## - LOCAL DATA ELEMENT F, LDF (RLIN)
a 7
b cbc
c oclcrpl
d u
e ncip
f 19
g y-gencatlg
942 ## - ADDED ENTRY ELEMENTS (KOHA)
Source of classification or shelving scheme Dewey Decimal Classification
Koha item type Books
Holdings
Withdrawn status Lost status Source of classification or shelving scheme Damaged status Not for loan Collection code Home library Current library Shelving location Date acquired Source of acquisition Total Checkouts Full call number Barcode Date last seen Copy number Price effective from Koha item type
    Dewey Decimal Classification     Non-fiction Asiatic Society Library Asiatic Society Library General Stacks 12/25/2020 ASB Collection   290 SMF 103493 12/25/2020 C-1 12/25/2020 Books

Powered by Koha